<?xml version="1.0" encoding="UTF-8"?>
<record
    xmlns:xsi="http://www.w3.org/2001/XMLSchema-instance"
    xsi:schemaLocation="http://www.loc.gov/MARC21/slim http://www.loc.gov/standards/marcxml/schema/MARC21slim.xsd"
    xmlns="http://www.loc.gov/MARC21/slim">

  <leader>00821nam a2200265 i 4500</leader>
  <controlfield tag="001">124446</controlfield>
  <controlfield tag="003">ES-MaACL</controlfield>
  <controlfield tag="007">t|</controlfield>
  <controlfield tag="008">070327s1928    sp           ||||1| spa d</controlfield>
  <datafield tag="080" ind1=" " ind2=" ">
    <subfield code="a">336.717(100)</subfield>
  </datafield>
  <datafield tag="080" ind1=" " ind2=" ">
    <subfield code="a">347.735(100)</subfield>
  </datafield>
  <datafield tag="100" ind1="1" ind2=" ">
    <subfield code="a">Lexis, Wilhelm.</subfield>
    <subfield code="9">72084</subfield>
  </datafield>
  <datafield tag="245" ind1="1" ind2="3">
    <subfield code="a">El cr&#xE9;dito y la banca / </subfield>
    <subfield code="c">Wilhelm Lexis ; traducci&#xF3;n por Manuel S&#xE1;nchez Sarto y Miguel L&#xF3;pez de Gera.</subfield>
  </datafield>
  <datafield tag="250" ind1=" " ind2=" ">
    <subfield code="a">2&#xAA; ed.</subfield>
  </datafield>
  <datafield tag="260" ind1=" " ind2=" ">
    <subfield code="a">Barcelona : </subfield>
    <subfield code="b">Labor, </subfield>
    <subfield code="c">[1928]</subfield>
  </datafield>
  <datafield tag="300" ind1=" " ind2=" ">
    <subfield code="a">200 p., IV l&#xE1;m. en col. : </subfield>
    <subfield code="b">il. ; </subfield>
    <subfield code="c">17 cm.</subfield>
  </datafield>
  <datafield tag="490" ind1="1" ind2=" ">
    <subfield code="a">Colecci&#xF3;n Labor ; </subfield>
    <subfield code="v">185</subfield>
  </datafield>
  <datafield tag="650" ind1="1" ind2="4">
    <subfield code="a">Cr&#xE9;dito.</subfield>
    <subfield code="9">11409</subfield>
  </datafield>
  <datafield tag="650" ind1="1" ind2="4">
    <subfield code="a">Bancos.</subfield>
    <subfield code="9">10484</subfield>
  </datafield>
  <datafield tag="700" ind1="1" ind2=" ">
    <subfield code="a">S&#xE1;nchez Sarto, Manuel.</subfield>
    <subfield code="9">102931</subfield>
  </datafield>
  <datafield tag="700" ind1="1" ind2=" ">
    <subfield code="a">L&#xF3;pez de Gera, Miguel.</subfield>
    <subfield code="9">73540</subfield>
  </datafield>
  <datafield tag="830" ind1="0" ind2="0">
    <subfield code="a">Colecci&#xF3;n Labor</subfield>
    <subfield code="v">185</subfield>
    <subfield code="9">184254</subfield>
  </datafield>
  <datafield tag="852" ind1=" " ind2=" ">
    <subfield code="a">ES-MaACL</subfield>
    <subfield code="j">E-2704</subfield>
  </datafield>
  <datafield tag="999" ind1=" " ind2=" ">
    <subfield code="c">124446</subfield>
    <subfield code="d">124446</subfield>
  </datafield>
  <datafield tag="952" ind1=" " ind2=" ">
    <subfield code="0">0</subfield>
    <subfield code="1">0</subfield>
    <subfield code="4">0</subfield>
    <subfield code="7">0</subfield>
    <subfield code="a">ATENEOM</subfield>
    <subfield code="b">ATENEOM</subfield>
    <subfield code="c">DEPO2</subfield>
    <subfield code="d">2008-01-17</subfield>
    <subfield code="e">SC</subfield>
    <subfield code="l">0</subfield>
    <subfield code="o">E-2704</subfield>
    <subfield code="p">1129654</subfield>
    <subfield code="r">2023-02-23 00:00:00</subfield>
    <subfield code="w">2023-02-23</subfield>
    <subfield code="y">MONOGRAFIA</subfield>
  </datafield>
</record>
